[Event "World Rapid 2025"]
[Site "Doha QAT"]
[Date "2025.12.27"]
[Round "8.14"]
[White "Lazavik, Denis"]
[Black "Praggnanandhaa, R"]
[Result "1/2-1/2"]
[WhiteTitle "GM"]
[BlackTitle "GM"]
[WhiteElo "2605"]
[BlackElo "2761"]
[WhiteFideId "13515110"]
[BlackFideId "25059530"]
[EventDate "2025.12.26"]

1. d4 d5 2. Nf3 Nf6 3. Bg5 c5 4. Bxf6 gxf6 5. dxc5 e6 6. e3 Bxc5 7. Be2 O-O 8.
O-O Be7 9. Qc1 Qc7 10. Nbd2 Bd7 11. e4 Bc6 12. Bd3 Nd7 13. Re1 Rfd8 14. exd5
Bxd5 15. Be4 Bxe4 16. Nxe4 Ne5 17. Nxe5 Qxe5 18. c3 Rd3 19. Qh6 Rad8 20. a4 f5
21. Ng5 Qg7 22. Qxg7+ Kxg7 23. Nf3 Bf6 24. Kf1 R3d5 25. Ke2 b5 26. Kf1 e5 27.
axb5 Rxb5 28. Ra2 e4 29. Ng1 Rd2 30. Re2 Bxc3 31. Rxd2 Bxd2 32. Rxa7 Rxb2 33. g3
f4 34. gxf4 Bxf4 35. Ne2 Be5 36. Ng3 Rb4 37. Re7 Kf6 38. Re8 Bxg3 39. hxg3 h5
40. Kg2 Kg7 41. Re5 Kg6 42. Re8 Ra4 43. Rg8+ Kh7 44. Re8 Kg6 45. Rg8+ Kf6 46.
Re8 Kg7 47. Re5 Kg6 48. Re8 f6 49. Re7 f5 50. Re6+ Kg7 51. Kf1 Ra3 52. Kg2 Ra2
53. Kf1 Rb2 54. Kg1 Rb3 55. Kg2 Ra3 56. Kf1 h4 57. gxh4 Rh3 58. Kg2 Rxh4 59. f3
Kf7 60. Re5 Kf6 61. Re8 Rf4 62. fxe4 fxe4 63. Rf8+ Ke5 64. Rxf4 Kxf4 65. Kf2 e3+
66. Ke2 Ke4 67. Ke1 Kd3 68. Kd1 e2+ 69. Ke1 Ke3 1/2-1/2

[Event "World Rapid 2025"]
[Site "Doha QAT"]
[Date "2025.12.27"]
[Round "8.15"]
[White "Kosakowski, Jakub"]
[Black "Sevian, Samuel"]
[Result "1/2-1/2"]
[WhiteTitle "GM"]
[BlackTitle "GM"]
[WhiteElo "2549"]
[BlackElo "2688"]
[WhiteFideId "1185080"]
[BlackFideId "2040506"]
[EventDate "2025.12.26"]

1. e4 e5 2. Nf3 Nc6 3. d4 exd4 4. Nxd4 Nf6 5. Nxc6 bxc6 6. Bd3 d5 7. exd5 cxd5
8. O-O Be7 9. c4 d4 10. Bg5 O-O 11. Nd2 Rb8 12. Rb1 Ng4 13. Bxe7 Qxe7 14. h3 Nf6
15. Re1 Qd6 16. Qe2 Bb7 17. Qe5 Qc6 18. Bf1 Rbd8 19. b4 Qa4 20. Qxc7 Qxa2 21.
Qxb7 Rd7 22. Qf3 Qxd2 23. c5 Qg5 24. c6 Rc7 25. b5 Rd8 26. Qa3 Nd5 27. Qc5 h6
28. Qxd4 Nf4 29. Qe3 Rd6 30. g3 Rf6 31. Qe8+ Kh7 32. Qe5 Ne6 33. Qxg5 Nxg5 34.
Re8 Rd6 35. h4 Ne6 36. Ra1 Nd8 37. Bh3 Rd5 38. Bd7 Ne6 39. Ra8 Rxb5 40. R1xa7
Rxa7 41. Rxa7 Rc5 42. Bxe6 fxe6 43. c7 h5 44. Kf1 Kg6 45. Ke2 Kf6 46. Ke3 e5 47.
Ke4 g6 48. f3 Ke6 49. g4 Kd7 50. g5 Ke6 51. Ra6+ Kf7 52. Ra7 Ke6 53. Rb7 Rc4+
54. Kd3 Rc1 55. Rb6+ Kf7 56. Rb7 Ke6 57. Ra7 Rc5 58. Ra6+ Kf7 59. Ke4 Rxc7 60.
Kxe5 Re7+ 61. Kd5 Rd7+ 62. Rd6 Ra7 63. f4 Ra5+ 64. Ke4 Ra4+ 65. Ke5 Ra5+ 66. Rd5
Ra7 67. f5 gxf5 68. Kxf5 Kg7 69. g6 Kh6 70. Rd6 Ra1 71. Kf6 Rf1+ 72. Ke5 Kg7 73.
Ke4 Rf6 1/2-1/2

[Event "World Rapid 2025"]
[Site "Doha QAT"]
[Date "2025.12.27"]
[Round "8.16"]
[White "Erdogmus, Yagiz Kaan"]
[Black "Van Foreest, Jorden"]
[Result "1-0"]
[WhiteTitle "GM"]
[BlackTitle "GM"]
[WhiteElo "2658"]
[BlackElo "2692"]
[WhiteFideId "44599790"]
[BlackFideId "1039784"]
[EventDate "2025.12.26"]

1. e4 c6 2. d4 d5 3. exd5 cxd5 4. Bd3 Nf6 5. c3 Bg4 6. Qb3 Qc7 7. h3 Bd7 8. Nf3
e6 9. O-O Bd6 10. Re1 Nc6 11. Qc2 Nh5 12. g3 g6 13. Qe2 f6 14. c4 Nb4 15. cxd5
Bxg3 16. Bb5 Bxf2+ 17. Qxf2 Bxb5 18. Rxe6+ Kd8 19. Nc3 Bd7 20. d6 Qb6 21. Rxf6
Nxf6 22. Bg5 Rf8 23. Qh4 Kc8 24. Bxf6 Nc6 25. Nd5 Qxb2 26. Re1 b6 27. Qxh7 Qxa2
28. Ne7+ Nxe7 29. Qxe7 Rf7 30. Rc1+ Kb8 31. Qd8+ Kb7 32. Rc7+ Ka6 33. Qxa8 Kb5
34. Qe4 Bxh3 35. Ne5 Qa1+ 36. Kh2 Rxc7 37. dxc7 Qc3 38. Qd5+ Ka6 39. Nc6 Kb7 40.
Na5+ Kxc7 41. Qb7+ Kd6 42. Qe7+ Kd5 1-0

[Event "World Rapid 2025"]
[Site "Doha QAT"]
[Date "2025.12.27"]
[Round "8.17"]
[White "Mamedyarov, Shakhriyar"]
[Black "Goutham Krishna H"]
[Result "1-0"]
[WhiteTitle "GM"]
[BlackTitle "IM"]
[WhiteElo "2730"]
[BlackElo "2433"]
[WhiteFideId "13401319"]
[BlackFideId "25983504"]
[EventDate "2025.12.26"]

1. c4 b6 2. Nc3 Bb7 3. d4 e6 4. a3 Nf6 5. Nf3 Ne4 6. Nxe4 Bxe4 7. h4 Be7 8. d5
exd5 9. cxd5 O-O 10. Ng5 Bg6 11. g4 h6 12. Nf3 Be4 13. g5 hxg5 14. hxg5 Bxf3 15.
exf3 Bxg5 16. Qd3 Re8+ 17. Kd1 Bxc1 18. Rxc1 Qf6 19. Qh7+ Kf8 20. Kc2 Re5 21.
Kb1 Ke7 22. Qg8 Rxd5 23. Rh8 Kd6 24. Qf8+ Qe7 25. Qc8 Rc5 26. Rd1+ Kc6 27. b4
Qe6 28. b5+ Rxb5+ 29. Bxb5+ Kxb5 30. Rd2 Qg6+ 31. Kc1 c5 32. Qb7 Qg1+ 33. Kb2
Qg5 34. Qd5 Qf6+ 35. Ka2 g6 36. Re8 1-0

[Event "World Rapid 2025"]
[Site "Doha QAT"]
[Date "2025.12.27"]
[Round "8.18"]
[White "Indjic, Aleksandar"]
[Black "Nepomniachtchi, Ian"]
[Result "1/2-1/2"]
[WhiteTitle "GM"]
[BlackTitle "GM"]
[WhiteElo "2635"]
[BlackElo "2723"]
[WhiteFideId "911925"]
[BlackFideId "4168119"]
[EventDate "2025.12.26"]

1. e4 e5 2. Nf3 Nf6 3. d4 Nxe4 4. Bd3 d5 5. Nxe5 Nd7 6. Nc3 Nxc3 7. bxc3 Nxe5 8.
dxe5 c5 9. O-O c4 10. Be2 Bc5 11. Bf3 Be6 12. Qe2 Qa5 13. Be3 b6 14. Qd2 O-O 15.
Bd4 Rad8 16. h4 Bf5 17. Rfc1 h6 18. a4 Rfe8 19. Qf4 Bh7 20. g4 Bxd4 21. cxd4 Qc3
22. Kg2 Re6 23. g5 Be4 24. Qe3 Qxe3 25. fxe3 hxg5 26. Bxe4 dxe4 27. hxg5 Rg6 28.
Kg3 Rxg5+ 29. Kf4 f6 30. exf6 gxf6 31. Rg1 Rd5 32. Kxe4 Kf7 33. Rxg5 Rxg5 34.
Rb1 Rg2 35. a5 bxa5 36. Rb5 Rxc2 37. Rxa5 Kg6 38. Rxa7 f5+ 39. Kd5 Rc1 40. Ra3
f4 41. exf4 Kf5 42. Kc6 Kxf4 43. d5 Ke4 44. d6 Rd1 45. Rh3 Ke5 46. Rh5+ Ke6 47.
Rh6+ Ke5 48. Rh5+ Ke6 49. Rh6+ Ke5 1/2-1/2

[Event "World Rapid 2025"]
[Site "Doha QAT"]
[Date "2025.12.27"]
[Round "8.19"]
[White "Sindarov, Javokhir"]
[Black "Pichot, Alan"]
[Result "1-0"]
[WhiteTitle "GM"]
[BlackTitle "GM"]
[WhiteElo "2726"]
[BlackElo "2597"]
[WhiteFideId "14205483"]
[BlackFideId "110973"]
[EventDate "2025.12.26"]

1. e4 e5 2. Nf3 Nc6 3. Bc4 Bc5 4. Nc3 Nf6 5. d3 h6 6. O-O a6 7. Be3 d6 8. Bxc5
dxc5 9. Nd5 Be6 10. Ne3 Qd7 11. Nd2 O-O-O 12. a3 h5 13. b4 Qe7 14. b5 axb5 15.
Bxb5 Nd4 16. Bc4 Ng4 17. h3 Nxe3 18. fxe3 Nc6 19. Qb1 g5 20. Qb5 g4 21. Rab1 Kd7
22. Bxe6+ fxe6 23. Nc4 Qg5 24. h4 Qxh4 25. Nxe5+ Kd6 26. Nf7+ Kd7 27. Ne5+ Kd6
28. d4 cxd4 29. Rf7 Nxe5 30. Qb4+ 1-0

[Event "World Rapid 2025"]
[Site "Doha QAT"]
[Date "2025.12.27"]
[Round "8.20"]
[White "Chanda, Sandipan"]
[Black "Dominguez Perez, Leinier"]
[Result "0-1"]
[WhiteTitle "GM"]
[BlackTitle "GM"]
[WhiteElo "2490"]
[BlackElo "2738"]
[WhiteFideId "5004225"]
[BlackFideId "3503240"]
[EventDate "2025.12.26"]

1. d4 d5 2. Nf3 Nf6 3. e3 c5 4. Be2 Nc6 5. O-O Bg4 6. h3 Bxf3 7. Bxf3 e6 8. c3
Qc7 9. Nd2 a6 10. Re1 cxd4 11. exd4 Bd6 12. Nb3 h6 13. Be3 O-O 14. Nc1 Bh2+ 15.
Kh1 Bf4 16. Nd3 Bxe3 17. Rxe3 Na5 18. Qg1 Nc4 19. Re2 Nd7 20. Rae1 b5 21. g3 a5
22. a3 Nd6 23. g4 Nc8 24. g5 hxg5 25. Qxg5 Qd8 26. Qg3 Ne7 27. Bg4 Ra6 28. Rg1
g6 29. Nf4 Qb8 30. h4 Kg7 31. h5 Rh8 32. Bh3 Rh6 33. Qg5 Nf6 34. f3 Qh8 35. Rh2
Kf8 36. hxg6 Nxg6 37. Nxg6+ Rxg6 38. Qe5 Rh6 39. Qb8+ Ke7 40. Qb7+ Nd7 41. Qxa6
Rxh3 42. Rg2 Qh6 43. Rxh3 Qxh3+ 44. Kg1 Qxf3 45. Qxb5 Qe3+ 46. Rf2 Qg5+ 47. Kf1
Qc1+ 48. Ke2 Qc2+ 49. Ke3 Qc1+ 50. Kf3 Nf6 51. Qf1 Qg5 52. Ke2 Qh5+ 53. Ke1 Ne4
54. Rf4 f5 55. Qg2 Qh6 56. Qf3 Qh2 57. Rxe4 dxe4 58. Qe2 Qxe2+ 59. Kxe2 a4 60.
Ke3 Kf6 61. Kf4 Ke7 62. c4 Kd6 63. Ke3 e5 64. d5 Kc5 65. Ke2 f4 66. Kf2 e3+ 67.
Kf3 e4+ 68. Ke2 Kd6 69. Kf1 f3 70. Ke1 e2 0-1

[Event "World Rapid 2025"]
[Site "Doha QAT"]
[Date "2025.12.27"]
[Round "8.21"]
[White "Giri, Anish"]
[Black "Petrov, Nikita"]
[Result "1/2-1/2"]
[WhiteTitle "GM"]
[BlackTitle "GM"]
[WhiteElo "2760"]
[BlackElo "2578"]
[WhiteFideId "24116068"]
[BlackFideId "4101286"]
[EventDate "2025.12.26"]

1. Nf3 d5 2. g3 Nc6 3. d4 Bf5 4. c4 e6 5. Bg2 Bb4+ 6. Bd2 Be7 7. O-O Nf6 8. Nc3
O-O 9. Qa4 Ne4 10. Rfd1 a5 11. a3 Qd7 12. Bf4 Nxc3 13. bxc3 Be4 14. cxd5 exd5
15. c4 Rfd8 16. Rac1 Bxf3 17. exf3 dxc4 18. d5 Ne5 19. Qxd7 Nxd7 20. Bxc7 Bxa3
21. Rxc4 b5 22. Rc6 Re8 23. Bh3 Ne5 24. Rc3 Nc4 25. d6 Bxd6 26. Bxd6 Red8 27.
Bf1 Rxd6 28. Rb1 Nd2 29. Rxb5 Nxf1 30. Rxa5 Rdd8 31. Rxa8 Rxa8 32. Kxf1 g6 33.
Rc5 Kg7 34. g4 Ra7 35. h4 Rb7 36. Kg2 Ra7 37. f4 Ra4 38. Kg3 Ra3+ 39. f3 Ra4 40.
h5 Rb4 41. g5 h6 42. hxg6 hxg5 43. fxg5 Kxg6 44. f4 Rb1 45. Rc6+ Kg7 46. Kg4
Rg1+ 47. Kf5 Ra1 48. Rc7 Ra5+ 49. Kg4 Ra4 50. Re7 Kf8 51. Rd7 Kg7 52. Kf3 Ra3+
53. Ke4 Ra4+ 54. Kf5 Ra5+ 55. Kg4 Ra4 56. Re7 Kf8 57. Re3 Kg7 58. Kf3 f6 59.
Re7+ Kf8 60. gxf6 Ra6 61. Kg4 Rxf6 62. Re5 Ra6 63. Kg5 Kf7 64. Rf5+ Kg7 65. Rd5
Kf7 66. Rd7+ Kf8 67. Rc7 Rb6 68. Kf5 Ra6 69. Rd7 Rb6 70. Kg5 Ra6 71. Rd5 Kf7 72.
Rf5+ Kg7 73. Rb5 Kf7 74. f5 Rc6 75. Rb7+ Kf8 76. Kf4 Rc4+ 77. Ke5 Rc6 78. Rd7
Ra6 79. Rh7 Rb6 80. Kf4 Rb4+ 81. Kg5 Rb6 82. Rh4 Kf7 83. Rc4 Ra6 84. Rc7+ Kf8
85. Rd7 Rb6 86. Kf4 Rb4+ 87. Ke5 Rb6 88. Rd6 Rxd6 89. Kxd6 Kf7 90. Ke5 Ke7 91.
f6+ Kf7 92. Kf5 Kf8 93. Ke6 Ke8 94. f7+ Kf8 95. Kf6 1/2-1/2

[Event "World Rapid 2025"]
[Site "Doha QAT"]
[Date "2025.12.27"]
[Round "8.22"]
[White "Zemlyanskii, Ivan"]
[Black "Grischuk, Alexander"]
[Result "1/2-1/2"]
[WhiteTitle "GM"]
[BlackTitle "GM"]
[WhiteElo "2592"]
[BlackElo "2654"]
[WhiteFideId "24249971"]
[BlackFideId "4126025"]
[EventDate "2025.12.26"]

1. e4 c5 2. Nf3 d6 3. d4 cxd4 4. Nxd4 Nf6 5. Nc3 a6 6. f4 e6 7. Bd3 Nbd7 8. g4
h6 9. Qf3 e5 10. Nf5 g6 11. Ng3 exf4 12. Bxf4 g5 13. Be3 Ne5 14. Qg2 Bxg4 15.
Be2 Be6 16. O-O-O Rc8 17. Nd5 Bg7 18. Rhf1 O-O 19. Bd4 Nxd5 20. exd5 Bd7 21. Nh5
f5 22. Nxg7 Kxg7 23. h4 g4 24. Qg3 h5 25. Rf2 Qf6 26. Rdf1 Kh7 27. Kb1 Bb5 28.
Bxb5 axb5 29. b3 Qg6 30. Bxe5 dxe5 31. Qxe5 f4 32. Rxf4 Rxf4 33. Qxf4 Rxc2 34.
Qf5 Re2 35. Kc1 Qxf5 36. Rxf5 Kg6 37. Rg5+ Kf6 38. Kd1 Rxa2 39. Rxh5 Rb2 40. Rg5
Rxb3 41. Rxg4 Rd3+ 42. Kc2 Rxd5 43. Kb3 1/2-1/2

[Event "World Rapid 2025"]
[Site "Doha QAT"]
[Date "2025.12.27"]
[Round "8.23"]
[White "Andreikin, Dmitry"]
[Black "Hovhannisyan, Robert"]
[Result "1-0"]
[WhiteTitle "GM"]
[BlackTitle "GM"]
[WhiteElo "2710"]
[BlackElo "2621"]
[WhiteFideId "4158814"]
[BlackFideId "13302507"]
[EventDate "2025.12.26"]

1. Nf3 d5 2. e3 Nf6 3. c4 e6 4. d4 Be7 5. Nc3 O-O 6. a3 c5 7. dxc5 dxc4 8. Qc2
Bxc5 9. Bxc4 a6 10. b4 Bd6 11. Bb2 Nbd7 12. Rd1 Qc7 13. Ne4 Be7 14. Neg5 Re8 15.
Nxe6 Bxb4+ 16. axb4 Rxe6 17. Ng5 Nf8 18. Nxe6 Bxe6 19. Bb3 Qe7 20. Bxe6 Nxe6 21.
Bxf6 Qxf6 22. O-O g6 23. Rd7 a5 24. bxa5 Rxa5 25. Rxb7 h5 26. Qb2 Qxb2 27. Rxb2
Kg7 28. h3 g5 29. Rd1 Kg6 30. Rbd2 g4 31. hxg4 hxg4 32. Rd5 Ra2 33. R1d2 Ra3 34.
Kh2 f5 35. Rd6 Kf6 36. R2d5 Ra2 37. Rb6 1-0

[Event "World Rapid 2025"]
[Site "Doha QAT"]
[Date "2025.12.27"]
[Round "8.24"]
[White "Maghsoodloo, Parham"]
[Black "Adhiban, Baskaran"]
[Result "1-0"]
[WhiteTitle "GM"]
[BlackTitle "GM"]
[WhiteElo "2708"]
[BlackElo "2557"]
[WhiteFideId "12539929"]
[BlackFideId "5018471"]
[EventDate "2025.12.26"]

1. c4 e5 2. Nc3 Nc6 3. Nf3 f5 4. a3 e4 5. Ng1 Nf6 6. d4 exd3 7. exd3 d5 8. d4
dxc4 9. Nf3 Be6 10. Bg5 h6 11. Qe2 hxg5 12. Qxe6+ Qe7 13. Bxc4 g4 14. Ne5 Qxe6
15. Bxe6 Nxd4 16. Bf7+ Ke7 17. O-O-O Nc6 18. Ng6+ Kxf7 19. Nxh8+ Kg8 20. Ng6 Bc5
21. Nh4 Ne7 22. Rhe1 Kf7 23. Re5 Bxf2 24. Nxf5 Nxf5 25. Rxf5 Be3+ 26. Kb1 Kg6
27. Rff1 Rh8 28. Rd3 Bc5 29. h3 gxh3 30. gxh3 Bd6 31. Nb5 Be5 32. Re3 Rh5 33.
Nxa7 Bd4 34. Rg3+ Kf7 35. Nc8 Rh8 36. Rd3 Be5 37. Rd7+ Kg6 38. Ne7+ Kh7 39. Rd3
Re8 40. Nf5 Ne4 41. Re1 Bf6 42. Kc2 Re5 43. b4 c5 44. Ne3 cxb4 45. Ng4 b3+ 46.
Rxb3 Rc5+ 47. Kd3 Nd6 48. Nxf6+ gxf6 49. Re6 Rd5+ 50. Ke2 Nb5 51. Rd3 Rc5 52.
Rxf6 Nc3+ 53. Kf3 Kg7 54. Rb6 Rc7 55. Rd4 Rf7+ 56. Ke3 Re7+ 57. Kd3 Nd1 58. Rg4+
Kf7 59. Rf4+ Kg7 60. Rf3 1-0

[Event "World Rapid 2025"]
[Site "Doha QAT"]
[Date "2025.12.27"]
[Round "8.25"]
[White "Ivanchuk, Vasyl"]
[Black "Madaminov, Mukhiddin"]
[Result "1/2-1/2"]
[WhiteTitle "GM"]
[BlackTitle "GM"]
[WhiteElo "2607"]
[BlackElo "2552"]
[WhiteFideId "14100010"]
[BlackFideId "14210703"]
[EventDate "2025.12.26"]

1. e4 e5 2. Nf3 Nc6 3. Bb5 a6 4. Ba4 Nf6 5. O-O Bc5 6. Bxc6 dxc6 7. d3 Nd7 8.
Nc3 O-O 9. Be3 Qe7 10. Bxc5 Nxc5 11. Qe2 Bg4 12. h3 Bh5 13. Qe3 Rad8 14. Ne2
Bxf3 15. Qxf3 Ne6 16. Qe3 Qb4 17. b3 Rfe8 18. f4 exf4 19. Nxf4 Nd4 20. Rac1 Qc5
21. Rfe1 Qc3 22. Ne2 Nxe2+ 23. Rxe2 Re5 24. Rf1 f6 25. Qa7 Rb5 26. Qf2 a5 27. a4
Rc5 28. Qg3 Rd7 29. Ref2 Qd4 30. Kh1 Kh8 31. Rf5 h6 32. Qg6 Rd6 33. R1f2 b6 34.
Qf7 Rxf5 35. Rxf5 Rd7 36. Qe8+ Kh7 37. e5 Rd5 38. Qxc6 Rxe5 39. Rxe5 Qa1+ 40.
Kh2 Qxe5+ 41. Kh1 f5 42. Qd7 Qf4 43. Qf7 Qe5 44. d4 Qf4 45. c3 Qf1+ 46. Kh2 Qf4+
47. Kh1 1/2-1/2

[Event "World Rapid 2025"]
[Site "Doha QAT"]
[Date "2025.12.27"]
[Round "8.26"]
[White "Iturrizaga Bonelli, Eduardo"]
[Black "Siddharth, Jagadeesh"]
[Result "1-0"]
[WhiteTitle "GM"]
[BlackTitle "GM"]
[WhiteElo "2592"]
[BlackElo "2489"]
[WhiteFideId "3901211"]
[BlackFideId "5818320"]
[EventDate "2025.12.26"]

1. c4 e5 2. Nc3 Bb4 3. Qb3 a5 4. a3 Bxc3 5. Qxc3 Nc6 6. Nf3 Qe7 7. d3 Nf6 8. e4
d6 9. h3 a4 10. Be2 O-O 11. Be3 Nd7 12. O-O Nc5 13. Rae1 b6 14. Bd1 f5 15. exf5
Bxf5 16. d4 Nd3 17. Re2 Bxh3 18. Qxd3 Bxg2 19. Kxg2 e4 20. Bd2 exd3 21. Rxe7
Nxe7 22. Ne1 Nf5 23. Nxd3 Nxd4 24. Re1 Rf5 25. Bc3 c5 26. Bxd4 cxd4 27. Bf3 Raf8
28. Bc6 h5 29. Re4 Rg5+ 30. Kf1 Rg4 31. Rxg4 hxg4 32. Kg2 g5 33. Kg3 Kg7 34.
Kxg4 Kf6 35. Bxa4 Rh8 36. Bc6 Rh4+ 37. Kg3 Kf5 38. a4 Rh7 39. Kf3 g4+ 40. Ke2
Rh2 41. Kd1 Rh3 42. Ke2 Rh2 43. Kf1 Rh3 44. f3 gxf3 45. Bd7+ 1-0

[Event "World Rapid 2025"]
[Site "Doha QAT"]
[Date "2025.12.27"]
[Round "8.27"]
[White "Makarian, Rudik"]
[Black "Motylev, Alexander"]
[Result "1-0"]
[WhiteTitle "GM"]
[BlackTitle "GM"]
[WhiteElo "2524"]
[BlackElo "2573"]
[WhiteFideId "44105681"]
[BlackFideId "4121830"]
[EventDate "2025.12.26"]

1. d4 d5 2. c4 e6 3. Nf3 Nf6 4. g3 Bd6 5. Bg2 O-O 6. O-O Nbd7 7. b3 c6 8. Bb2
Re8 9. Nc3 dxc4 10. bxc4 e5 11. e3 exd4 12. exd4 Nf8 13. h3 Bf5 14. Nh4 Bd7 15.
Qd3 Qc8 16. Kh2 Ng6 17. Nxg6 Bf5 18. Qd2 Bxg6 19. d5 Bb4 20. Qd4 Qc7 21. Rad1
Rad8 22. Qxa7 cxd5 23. Nxd5 Nxd5 24. Rxd5 Rxd5 25. Bxd5 Bc5 26. Qa4 Qe7 27. Bc3
Qe2 28. Bf3 Qe7 29. Re1 Qxe1 30. Bxe1 Rxe1 31. Qa8+ Bf8 32. Bxb7 Re2 33. Kg2 Bf5
34. g4 Bd7 35. Bd5 Be8 36. Qa7 g6 37. a4 Bb4 38. a5 1-0

[Event "World Rapid 2025"]
[Site "Doha QAT"]
[Date "2025.12.27"]
[Round "8.28"]
[White "Kozak, Adam"]
[Black "Ahmad, Khagan"]
[Result "1/2-1/2"]
[WhiteTitle "GM"]
[BlackTitle "IM"]
[WhiteElo "2546"]
[BlackElo "2472"]
[WhiteFideId "753246"]
[BlackFideId "13431552"]
[EventDate "2025.12.26"]

1. Nf3 c5 2. b3 Nf6 3. Bb2 g6 4. c4 Bg7 5. g3 b6 6. Bg2 Bb7 7. O-O d6 8. d4 cxd4
9. Nxd4 Bxg2 10. Kxg2 O-O 11. Nc3 Qc8 12. e4 Qb7 13. f3 a6 14. Qe2 e6 15. Rad1
Nc6 16. Nxc6 Qxc6 17. Rd2 Rfd8 18. Rfd1 Ne8 19. Na4 Bh6 20. Rc2 Rac8 21. Bd4 b5
22. Nb2 d5 23. exd5 exd5 24. c5 Ng7 25. Nd3 Re8 26. Qf2 Nf5 27. f4 Re4 28. Ne5
Qe6 29. Nf3 Bg7 30. Kg1 Nxd4 31. Nxd4 Qf6 32. Nf3 d4 33. b4 a5 34. bxa5 Qe7 35.
c6 Qd6 36. Rcd2 Rd8 37. Rc1 Rc8 38. Rcd1 Rd8 39. Rc1 Rc8 40. Ne5 Bxe5 41. fxe5
Qxe5 42. a6 Re3 43. a7 Rc3 44. Rf1 f5 45. Qxd4 Qxd4+ 46. Rxd4 R3xc6 47. Rfd1 Kf7
48. Rd8 Rc1 49. Kg2 Kf6 50. h4 h6 51. Rxc1 Rxd8 52. Rc6+ Ke5 53. Ra6 Ra8 54.
Rxg6 Rxa7 55. Rxh6 Rxa2+ 56. Kf3 Ra3+ 57. Kf2 b4 58. Rb6 b3 59. h5 Ra2+ 60. Kf3
Rh2 61. Rxb3 Rxh5 62. Rb5+ Kf6 63. Kf4 Kg6 64. Rb6+ Kg7 65. Rb5 Kg6 66. Rb6+ Kg7
67. Rb5 Kg6 1/2-1/2

[Event "World Rapid 2025"]
[Site "Doha QAT"]
[Date "2025.12.27"]
[Round "8.29"]
[White "Amar, Elham"]
[Black "Dardha, Daniel"]
[Result "1/2-1/2"]
[WhiteTitle "GM"]
[BlackTitle "GM"]
[WhiteElo "2592"]
[BlackElo "2603"]
[WhiteFideId "1533533"]
[BlackFideId "240990"]
[EventDate "2025.12.26"]

1. e4 c5 2. Nf3 d6 3. d4 cxd4 4. Nxd4 Nf6 5. Nc3 Nc6 6. Bg5 Bd7 7. Nxc6 Bxc6 8.
Bxf6 gxf6 9. Bb5 h5 10. Qd3 e6 11. O-O Qb6 12. Bxc6+ bxc6 13. b3 Rd8 14. Kh1 d5
15. f4 dxe4 16. Qxe4 f5 17. Qf3 Bg7 18. Na4 Qc7 19. Rad1 Rd5 20. c4 Rxd1 21.
Rxd1 O-O 22. Qxh5 Qxf4 23. Qf3 Qc7 24. Nc5 Rd8 25. Nd3 Qa5 26. Qe2 Rd4 27. g3 c5
28. Nf2 Qd8 29. Kg2 a5 30. Qf3 Rd2 31. Kf1 Rxd1+ 32. Qxd1 Qa8 33. Qd2 Bd4 34.
Qg5+ Kf8 35. Qf4 Qb7 36. Ke2 a4 37. Qf3 Qa6 38. Qd3 axb3 39. Qxb3 e5 40. a4 Kg7
41. h4 e4 42. Nh3 Qg6 43. Ng5 Qh5+ 44. Kf1 Qg4 45. a5 e3 46. Qb7 Qd1+ 47. Kg2
Qe2+ 48. Kh3 Qf1+ 49. Qg2 Qxc4 50. g4 f4 51. Qe4 e2 52. Nf3 Qa6 53. Kg2 Qxa5 54.
Qxe2 Be3 55. Qb2+ Kg8 56. Qb8+ Kg7 57. Qe5+ Kf8 58. Qb8+ Ke7 59. Qb7+ Kf8 60.
Qb8+ 1/2-1/2

[Event "World Rapid 2025"]
[Site "Doha QAT"]
[Date "2025.12.27"]
[Round "8.30"]
[White "Karthik, Venkataraman"]
[Black "Bu, Xiangzhi"]
[Result "1/2-1/2"]
[WhiteTitle "GM"]
[BlackTitle "GM"]
[WhiteElo "2589"]
[BlackElo "2665"]
[WhiteFideId "25006479"]
[BlackFideId "8601445"]
[EventDate "2025.12.26"]

1. e4 e5 2. Nf3 Nc6 3. Nc3 Nf6 4. Bb5 Bd6 5. d3 a6 6. Ba4 O-O 7. a3 Re8 8. O-O
h6 9. Be3 Bf8 10. Bb3 d6 11. h3 Be6 12. Bxe6 Rxe6 13. Nd5 Re8 14. c4 Nxd5 15.
cxd5 Ne7 16. Qb3 Qd7 17. Rac1 c6 18. dxc6 Nxc6 19. Nd2 b5 20. Nb1 Ne7 21. Nc3 d5
22. Bc5 d4 23. Ne2 Ng6 24. f4 Rac8 25. f5 Nf4 26. Nxf4 Rxc5 27. Rxc5 Bxc5 28.
Nd5 Rc8 29. Qd1 Qc6 30. Qh5 Bf8 31. f6 g6 32. Qxe5 Re8 33. Qg3 Bd6 34. Qf2 Kh7
35. Qd2 Bb8 36. Rc1 Qd6 37. Qf2 Qh2+ 38. Kf1 Be5 39. Rc6 a5 40. Ke2 b4 41. a4 b3
42. Nb6 Bb8 43. Qf1 Qg3 44. Nc4 Qg5 45. Rb6 Qc5 46. Qf3 Qg5 47. Rxb3 Qc1 48. Nd2
Bd6 49. Qf1 Qc2 50. Qd1 Qc6 51. Rb5 Bb4 52. Qb3 Qxf6 53. Rb7 Kg8 54. Nf3 Qf4 55.
Qc4 Rxe4+ 56. dxe4 Qxe4+ 57. Kf1 Qxb7 58. Qxd4 Qc6 59. Qd8+ Kh7 60. Qd1 Bc5 61.
Qb3 Qd7 62. Ke2 Qf5 63. Qc4 Bb4 64. b3 Kg8 65. Qd3 Qf6 66. Qc2 Qe6+ 67. Kd1 Qe3
68. Qc8+ Kg7 69. Qc4 Bc3 70. Qe2 Qc5 71. Qc4 Qe3 72. Qe2 Qc5 73. Qc4 Qe3 74. Qe2 1/2-1/2

[Event "World Rapid 2025"]
[Site "Doha QAT"]
[Date "2025.12.27"]
[Round "8.31"]
[White "Firouzja, Alireza"]
[Black "Makhnev, Denis"]
[Result "1-0"]
[WhiteTitle "GM"]
[BlackTitle "GM"]
[WhiteElo "2762"]
[BlackElo "2532"]
[WhiteFideId "12573981"]
[BlackFideId "13707647"]
[EventDate "2025.12.26"]

1. e4 e5 2. Nf3 Nc6 3. Bc4 Bc5 4. c3 Nf6 5. d3 a5 6. Bg5 h6 7. Bh4 d6 8. Nbd2
Qe7 9. O-O Ba7 10. Bb5 Bg4 11. Qa4 Bd7 12. d4 g5 13. Bg3 Nh5 14. Kh1 Nxg3+ 15.
fxg3 h5 16. d5 Nb8 17. Bxd7+ Nxd7 18. Qxa5 Kd8 19. Nc4 h4 20. g4 Kc8 21. h3 Nc5
22. Nfd2 Nd3 23. Rf3 Nf4 24. Qb5 Qd7 25. Qb3 Bc5 26. Qc2 Qa4 27. b3 Qa6 28. b4
Ba7 29. a4 b5 30. Na5 bxa4 31. Ndc4 Bb6 32. Rxa4 Kd7 33. Ra1 Qxc4 34. Qa4+ Ke7
35. Nxc4 Rxa4 36. Rxa4 Rb8 37. Nxb6 Rxb6 38. Ra7 Kd7 39. Rf2 1-0

[Event "World Rapid 2025"]
[Site "Doha QAT"]
[Date "2025.12.27"]
[Round "8.32"]
[White "Duda, Jan-Krzysztof"]
[Black "Urkedal, Frode Olav Olsen"]
[Result "0-1"]
[WhiteTitle "GM"]
[BlackTitle "GM"]
[WhiteElo "2729"]
[BlackElo "2568"]
[WhiteFideId "1170546"]
[BlackFideId "1506102"]
[EventDate "2025.12.26"]

1. d4 Nf6 2. c4 e6 3. Nf3 d5 4. Nc3 c6 5. Bg5 h6 6. Bh4 Be7 7. e3 Nbd7 8. Rc1
O-O 9. a3 Ne4 10. Bxe7 Qxe7 11. Qc2 Nxc3 12. Qxc3 dxc4 13. Bxc4 b6 14. b4 Bb7
15. O-O Rac8 16. Be2 c5 17. dxc5 bxc5 18. b5 Nb6 19. Nd2 c4 20. Qa5 Rfd8 21. h3
Rc5 22. Bf3 Bxf3 23. Nxf3 e5 24. a4 Rd3 25. Qa6 Nd5 26. Rfd1 Rxd1+ 27. Rxd1 c3
28. Ne1 Nb4 29. Qd6 Qxd6 30. Rxd6 c2 31. Nxc2 Rxc2 32. Rd8+ Kh7 33. Rd7 a6 34.
Rxf7 axb5 35. axb5 Nd3 36. b6 Rb2 37. b7 Kg6 38. Rc7 Rb1+ 39. Kh2 Nxf2 40. Kg3
Ne4+ 41. Kf3 Nf6 42. g4 Rb2 43. Re7 e4+ 44. Kg3 Nd5 45. Rd7 Nxe3 46. h4 Nc4 47.
Rc7 Na5 48. h5+ Kh7 49. Re7 Nxb7 50. Rxe4 Nd6 51. Re7 Rb7 52. Re3 Nf7 53. Rf3
Ng5 54. Ra3 Rb4 55. Re3 Ne4+ 56. Kh4 Nf6 57. Rg3 Kg8 58. Kh3 Ne4 59. Rg2 Rb3+
60. Kh2 Kf7 61. Re2 Rb4 62. Kh3 Kf6 63. Ra2 Rb3+ 64. Kh4 g5+ 65. hxg6 Ng5 66.
Ra6+ Ke7 67. Ra7+ Kd6 0-1